Feasibility in establishing an internet cafe and restaurant (interesto) in Barangay Manggahan, Rodriguez, Rizal (Record no. 72872)
[ view plain ]
| 000 -LEADER | |
|---|---|
| fixed length control field | 02386nam a22002657a 4500 |
| 003 - CONTROL NUMBER IDENTIFIER | |
| control field | URS |
| 005 - DATE AND TIME OF LATEST TRANSACTION | |
| control field | 20240412231059.0 |
| 008 - FIXED-LENGTH DATA ELEMENTS--GENERAL INFORMATION | |
| fixed length control field | 240412b |||||||| |||| 00| 0 eng d |
| 050 ## - LIBRARY OF CONGRESS CALL NUMBER | |
| Classification number | LG 221.R59 F3124 |
| Item number | 2012 |
| 100 1# - MAIN ENTRY--PERSONAL NAME | |
| Personal name | Ceremonia Jeniffer J. |
| Relator term | Researcher |
| 245 ## - TITLE STATEMENT | |
| Title | <a href="Feasibility in establishing an internet cafe and restaurant (interesto) in Barangay Manggahan, Rodriguez, Rizal">Feasibility in establishing an internet cafe and restaurant (interesto) in Barangay Manggahan, Rodriguez, Rizal</a> |
| Statement of responsibility, etc | Jeniffer J. Ceremonia [et....al] |
| 260 #1 - PUBLICATION, DISTRIBUTION, ETC. (IMPRINT) | |
| Date of publication, distribution, etc | 2012 |
| 300 ## - PHYSICAL DESCRIPTION | |
| Extent | xxii,121 |
| Other physical details | illustration |
| Dimensions | 28cm |
| 336 ## - CONTENT TYPE | |
| Source | rdacontent |
| Content type term | text |
| 337 ## - MEDIA TYPE | |
| Source | rdamedia |
| Media type term | unmediated |
| 338 ## - CARRIER TYPE | |
| Source | rdacarrier |
| Carrier type term | volume |
| 502 ## - DISSERTATION NOTE | |
| Dissertation note | Undergraduate Thesis<br/> |
| Degree type | Bachelor of Science in Business Administration Major in Human Resources Management<br/> |
| Name of granting institution | University of Rizal System, Rodriguez, Rizal |
| Year degree granted | 2012 |
| 520 ## - SUMMARY, ETC. | |
| Summary, etc | <br/><br/><br/><br/><br/><br/><br/><br/><br/><br/><br/><br/><br/><br/><br/><br/><br/><br/><br/><br/><br/><br/><br/><br/><br/><br/><br/><br/><br/><br/><br/><br/><br/><br/><br/><br/><br/><br/><br/><br/><br/><br/><br/><br/><br/><br/><br/><br/><br/><br/><br/><br/><br/><br/><br/><br/><br/><br/><br/><br/><br/><br/><br/><br/><br/><br/><br/><br/><br/><br/><br/><br/><br/><br/><br/><br/><br/><br/><br/><br/><br/><br/><br/><br/><br/><br/><br/><br/><br/><br/><br/><br/><br/><br/><br/><br/><br/><br/><br/><br/><br/><br/><br/><br/><br/><br/><br/><br/><br/><br/><br/><br/><br/><br/><br/><br/><br/><br/><br/><br/><br/><br/><br/><br/><br/><br/><br/><br/><br/><br/><br/><br/><br/><br/><br/><br/><br/><br/><br/><br/><br/><br/><br/><br/><br/><br/><br/><br/><br/><br/><br/><br/><br/><br/><br/><br/><br/><br/><br/><br/><br/><br/><br/><br/><br/><br/><br/><br/><br/><br/><br/>ent the praposad name of the project, the type of business<br/>b atn ana the briet histony of the project<br/>Name he Projct<br/>e proosad name of the proiect will be INTERESTO (Internet<br/>Gas an Restsurang that came from combination of two businesses<br/>Vherein NTER stands for internet where the prospect cients<br/>3uend their leisure time and do their assignments and projects and<br/>RESTO or restaurant where people can buy different quality foods,<br/>esses and beverages that suts to their taste<br/>Type of Business Organization<br/>The praponents agreed to fom a partnership. It classified as<br/>mited partnershp, where the partners could either be limited and<br/>peneral patner.<br/>A Limited Partner shall be liable to the extent of the contribution to<br/>he mited partnershp only And one of the partners must be a general<br/>puter to assune the partnership and paid liability.<br/>Loceton of the Project<br/>The pars agrood that the INTEREST0 will be eatabliahe at E<br/>Rog Hgey Marguahar, Rodigusz Rizal The business wilt eater the |
| 650 ## - SUBJECT ADDED ENTRY--TOPICAL TERM | |
| Source of heading or term | establishing an internet cafe and restaurant |
| 700 ## - ADDED ENTRY--PERSONAL NAME | |
| Personal name | Cuya, Charisse E. |
| Relator term | Researcher |
| 700 ## - ADDED ENTRY--PERSONAL NAME | |
| Personal name | Espiritu, Diana Fe S. |
| Relator term | Researcher |
| 700 ## - ADDED ENTRY--PERSONAL NAME | |
| Personal name | Lauden, Monica A. |
| Relator term | Researcher |
| 700 ## - ADDED ENTRY--PERSONAL NAME | |
| Personal name | Maniaol, Maricel V. |
| Relator term | Adviser |
| 942 ## - ADDED ENTRY ELEMENTS (KOHA) | |
| Source of classification or shelving scheme | Library of Congress Classification |
| Koha item type | Theses and dissertations |
| Withdrawn status | Source of classification or shelving scheme | Damaged status | Not for loan | Home library | Current library | Shelving location | Date acquired | Total Checkouts | Full call number | Barcode | Date last seen | Price effective from | Koha item type |
|---|---|---|---|---|---|---|---|---|---|---|---|---|---|
| Library of Congress Classification | Not For Loan | Rodriguez College Library | Rodriguez College Library | Undergraduate Theses | 04/12/2024 | LG 221.R59 F3124 2012 | URSROD-UGT-HRM- | 04/12/2024 | 04/12/2024 | Theses and dissertations |